| 000 | 01332nam a2200445Ia 4500 | ||
|---|---|---|---|
| 001 | 56039 | ||
| 005 | 20230410142423.0 | ||
| 008 | 050707s1971 nyu b 001 0 eng d | ||
| 035 | _a(OCoLC)ocm60815622 | ||
| 040 |
_aBGZ _cBGZ _dNLGGC _dLVB |
||
| 020 | _a0674537513 | ||
| 020 | _a9780674537514 | ||
| 029 | 1 |
_aNLGGC _b820418978 |
|
| 029 | 1 |
_aNLGGC _b201364565 |
|
| 029 | 1 |
_aNLGGC _b198175965 |
|
| 029 | 1 |
_aNLGGC _b161858031 |
|
| 035 | _a(OCoLC)60815622 | ||
| 084 |
_a83.05 _2bcl |
||
| 084 |
_a89.54 _2bcl |
||
| 049 | _aGRAL | ||
| 050 | 1 | 4 | _aO42l 1971 |
| 100 | 1 | _aOlson, Mancur. | |
| 245 | 1 | 4 |
_aThe logic of collective action : _bpublic goods and the theory of groups / _cMancur Olson. |
| 260 |
_aCambridge, Mass. : _bHarvard University Press, _c1971. |
||
| 300 |
_ax, 186 p. ; _c21 cm. |
||
| 490 | 1 |
_aHarvard Economic Studies ; _vCXXIV. |
|
| 490 | 0 |
_aA Harvard paperback ; _vHP 52. |
|
| 504 | _aIncludes bibliographical references and index. | ||
| 650 | 0 | _aSocial groups. | |
| 650 | 0 | _aSocial interaction. | |
| 650 | 1 | 7 |
_aCollectieve acties. _2gtt |
| 650 | 1 | 7 |
_aCollectieve goederen. _2gtt |
| 650 | 6 | _aInteraction sociale. | |
| 650 | 6 | _aGroupes sociaux. | |
| 650 | 6 | _aGroupes de pression. | |
| 830 | 0 |
_aHarvard economic studies ; _v124. |
|
| 942 |
_2lcc _cbk |
||
| 946 | _almminaya | ||
| 994 |
_aC0 _bDRFGD |
||
| 999 |
_c95322 _d95322 |
||